Club belge de Hockey sur Gazon - Statistiques

Statistiques générales
  • Ce quiz a été pris 44 fois
  • Le résultat moyen est 44 sur 110
Statistiques - réponses
Réponse % Correct
Leopold
84%
Racing
77%
Gantoise
74%
Pingouin
74%
Antwerp
71%
Uccle Sport
71%
Daring
68%
LARA
68%
Oree
68%
Waterloo Ducks
68%
Wellington
65%
La Louvière
61%
Louvain-La-Neuve
61%
Namur
61%
Old Club
61%
Amicale Anderlecht
58%
Ascalon
58%
Braxgata
58%
Dragons
58%
Parc
58%
Rasante
58%
Primerose
55%
White Star
55%
Chessy
52%
Ixelles
52%
Ombrage
52%
Arlon
48%
Beerschot
48%
Brugge
48%
Hannut
48%
Jaguar
48%
Lynx
48%
Verviers
48%
Argos
45%
Baudouin
45%
Dender
45%
Embourg
45%
Huy
45%
Leuven
45%
Linkebeek
45%
Tournai
45%
Victory
45%
Wolvendael
45%
Blue Lions
42%
Herakles
42%
Knokke
42%
Langeveld
42%
Aalst
39%
Andenne
39%
Genk
39%
Hoegaarden
39%
Leopard
39%
Luxembourg
39%
Mechelse
39%
Blue Sox
35%
BUHC
35%
Diksmuide
35%
Indiana
35%
Marche
35%
Merode
35%
Olympia
35%
Polo
35%
Arcus
32%
Bayard
32%
Ciney
32%
Constantia
32%
Dendermonde
32%
Eclair
32%
Green Devils
32%
Grez
32%
Hoekies
32%
Isca
32%
Keerbergen
32%
Koksijde
32%
Lokeren
32%
Maasmechelen
32%
Rapid
32%
Rix
32%
Blackbirds
29%
Neupré
29%
Vrijbroek
29%
Woluwe
29%
Artemis
26%
Beveren
26%
Black Bears
26%
Breeven
26%
Hermes
26%
Meetjesland
26%
Mol
26%
Relax
26%
Saint Georges
26%
Sapinière
26%
Stix
26%
Sukkelweg
26%
Taxandria
26%
Vivier d'oie
26%
Wildcats
26%
Zaid
26%
Phoenix
23%
Red Wings
23%
Rotselaar
23%
Sint Truiden
23%
Yellow Sticks
23%
Anhée
19%
Noorderkempen
19%
Rapide Hulst
19%
Rodeland
19%
Roeselare
19%
Wetthra Giants
16%
Tongeren
6%
Aucun quiz correspondant
Distribution des résultats
% des personnes avec chaque résultat
Percentile par nombre de réponses
Votre historique - résultats
Vous n’avez pas pris ce quiz